01300nam a2200289 a 4500008004100000020001500041020001500056050001700071100002200088245007900110260003500189300002400224350000900248500022800257650004600485650003600531650003200567650004600599650005600645650001400701650002400715700002200739700002000761995008700781999001700868952012500885120416s1987 ||||||||||||||||| || u a0745603173 a0745603173 aHC 256.5 Man aThompson, Grahame10aManaging the UK economy: current contraversiescedited by Grahame Thompson aCambridge:bPolity Pressc1987 axxvii, 128p. : ill. a0.00 a"Based on the Open University social science course D210 Introduction to economics, first presented in 1985"--T.p. verso. -"Published ... in association with Basil Blackwell"--T.p. verso. -Includes bibliographies and index. aGREAT BRITAIN--ECONOMIC POLICY- 1979-1997 aGREAT BRITAIN--ECONOMIC ASPECTS 0aCHICAGO SCHOOL OF ECONOMICS aGREAT BRITAIN--ECONOMIC POLICY- 1964-1979 aUNEMPLOYMENT--EFFECT OF INFLATION ON--GREAT BRITAIN 0aECONOMICS 0aKEYNESIAN ECONOMICS aLevacic, Rosalind aBrown, Vivienne D0.00FCBU-MAIN LIBRARY (Kitwe)H1I8.95M1UAVAILABLEZAnnex Low-Usage Collection  c50243d50243 00102lcc4070a001b001cAnnex Low-Usage Collection d2022-11-30l0oHC 256.5 Manp002289r2022-11-30w2022-11-30y002